<?xml version="1.0" encoding="UTF-8"?>
<record
    xmlns:xsi="http://www.w3.org/2001/XMLSchema-instance"
    xsi:schemaLocation="http://www.loc.gov/MARC21/slim http://www.loc.gov/standards/marcxml/schema/MARC21slim.xsd"
    xmlns="http://www.loc.gov/MARC21/slim">

  <leader>00573nam a22002297a 4500</leader>
  <controlfield tag="003">UA-OsUOA</controlfield>
  <controlfield tag="001"> 38994 </controlfield>
  <controlfield tag="007">ta</controlfield>
  <controlfield tag="008">20080303b un ||||| |||| 00| 0 ukr d</controlfield>
  <datafield tag="090" ind1=" " ind2=" ">
    <subfield code="a">82-6</subfield>
    <subfield code="b">&#x416;74</subfield>
  </datafield>
  <datafield tag="942" ind1=" " ind2=" ">
    <subfield code="c">BK</subfield>
  </datafield>
  <datafield tag="040" ind1=" " ind2=" ">
    <subfield code="a">UA-OsUOA</subfield>
    <subfield code="b">ukr</subfield>
    <subfield code="c">UA-OsUOA</subfield>
    <subfield code="d">UA-OsUOA</subfield>
  </datafield>
  <datafield tag="245" ind1=" " ind2=" ">
    <subfield code="a">&#x416;&#x438;&#x442;&#x442;&#x44F; - &#x43D;&#x435; &#x43F;&#x440;&#x43E;&#x441;&#x442;&#x43E; &#x456;&#x441;&#x43D;&#x443;&#x432;&#x430;&#x43D;&#x43D;&#x44F;. &#x41B;&#x438;&#x441;&#x442;&#x443;&#x432;&#x430;&#x43D;&#x43D;&#x44F; &#x41E;&#x43B;&#x435;&#x43A;&#x441;&#x438; &#x413;&#x43E;&#x440;&#x431;&#x430;&#x447;&#x430; (1946 - 1996)</subfield>
  </datafield>
  <datafield tag="300" ind1=" " ind2=" ">
    <subfield code="a">59 &#x441;.</subfield>
  </datafield>
  <datafield tag="955" ind1=" " ind2=" ">
    <subfield code="a">4</subfield>
  </datafield>
  <datafield tag="041" ind1=" " ind2=" ">
    <subfield code="a">ukr</subfield>
  </datafield>
  <datafield tag="080" ind1=" " ind2=" ">
    <subfield code="a">82-6</subfield>
  </datafield>
  <datafield tag="260" ind1=" " ind2=" ">
    <subfield code="a">&#x41B;&#x44C;&#x432;&#x456;&#x432;</subfield>
    <subfield code="c">2004</subfield>
  </datafield>
  <datafield tag="246" ind1="3" ind2="1">
    <subfield code="a">&#x414;&#x43E;&#x434;&#x430;&#x442;&#x43E;&#x43A;</subfield>
  </datafield>
  <datafield tag="650" ind1=" " ind2="7">
    <subfield code="2">UDC</subfield>
  </datafield>
  <datafield tag="999" ind1=" " ind2=" ">
    <subfield code="c">437504</subfield>
    <subfield code="d">437504</subfield>
  </datafield>
  <datafield tag="952" ind1=" " ind2=" ">
    <subfield code="0">0</subfield>
    <subfield code="1">0</subfield>
    <subfield code="2">udc</subfield>
    <subfield code="4">0</subfield>
    <subfield code="7">0</subfield>
    <subfield code="a">300</subfield>
    <subfield code="b">300</subfield>
    <subfield code="d">2008-03-03</subfield>
    <subfield code="e">214/2009</subfield>
    <subfield code="g">1.00</subfield>
    <subfield code="i">2127872</subfield>
    <subfield code="l">0</subfield>
    <subfield code="o">82-6 &#x416;74</subfield>
    <subfield code="p">2127872</subfield>
    <subfield code="r">2019-09-15 00:00:00</subfield>
    <subfield code="w">2008-03-03</subfield>
    <subfield code="y">BK</subfield>
  </datafield>
</record>
